000 00235nam a22001097a 4500
040 _cSY
082 _a327
100 _aNA
245 _aការស៊ើបអង្កេតវិវាទដី
260 _aRUA
_bNA
_cNA
942 _cKB
999 _c9310
_d9310